000 00260nam a2200097Ia 4500
001 1141376
005 20250827010118.0
008 250824s9999 xx 000 0 und d
245 0 _aBEN NE ZAMAN DOĞDUM
_cBEHİÇ AK
260 _bGÜNIŞIĞI KİTAPLIĞI YAYINLARI
999 _c1141376
_d1141376